|
|
|
|
| LEADER |
00782nam a2200217 a 4500 |
| 001 |
28718 |
| 003 |
BD-DhAAL |
| 008 |
141222s2009 ii 000 1 eng d |
| 020 |
|
|
|a 9788190577892
|
| 040 |
|
|
|a BD-DhAAL
|c BD-DhAAL
|
| 082 |
0 |
0 |
|a 823
|2 21
|
| 100 |
1 |
|
|a Kumar, Asha Iyer.
|9 6956
|
| 245 |
1 |
4 |
|a Sand storms, summer rains :
|c Asha Iyer Kumar
|b a novel /
|
| 260 |
|
|
|a Mumbai, India :
|b Frog Books,
|c 2009.
|
| 300 |
|
|
|a 452 p. ;
|c 22 cm.
|
| 500 |
|
|
|a Novel.
|
| 541 |
1 |
|
|e 28718
|
| 651 |
|
0 |
|a India
|x Fiction.
|9 5617
|
| 942 |
|
|
|2 ddc
|c BK
|
| 999 |
|
|
|c 33340
|d 33340
|
| 952 |
|
|
|0 0
|1 0
|2 ddc
|4 0
|6 823_000000000000000_KUM
|7 0
|9 44531
|a BRACUL
|b BRACUL
|c GEN
|d 2014-12-22
|e BRAC Institute of Language (BIL)
|l 1
|o 823 KUM
|p 3010028718
|r 2024-11-17
|s 2024-11-12
|t 1
|w 2014-12-22
|y BK
|x Transferred from BIL to BRACUL on 06/06/22
|